000 01985nam a22001937a 4500
003 OSt
005 20260429090452.0
008 260429b |||||||| |||| 00| 0 eSP d
100 _aGabriel Garcia Márquez
_dMiguel Ángel Asturias
245 _aUtopía y Barbarie
260 _aQUITO-ECUADOR
_bEditorial Triana
_cxx
300 _a104 pag
490 _3cubierta blanda
520 _aUtopía y Barbarie Exploración de conocimientos previos - ¿Es posible una relación entre literatura y política? - Explica esta expresión: La poesía es un arma cargada de palabras. - Además de la poesía en verso, ¿hay otros géneros literarios que aborden temas políticos? - ¿Cuál es el género más apto para exponer asuntos relacionados con la política? - ¿Desde cuándo afloraron temas políticos en la literatura? - ¿Qué entorno social y económico es el más propicio para el nacimiento de una literatura política? - ¿Puede haber un teatro político? - ¿Qué temas abordaría un teatro político? - ¿Qué temas enfocarías si llegaras a escribir una novela de tinte político? - ¿Por qué consideras que la novela es un instrumento para la denuncia social? - ¿Has leído alguna novela con contenido político? Indica cuál y explica su contenido. - ¿Pueden estas novelas de contenido social y político confrontar las ideas de utopía y barbarie? ¿Cómo? - Relación entre literatura y política en manifestaciones literarias de diferentes épocas y contextos A lo largo de la historia, las obras literarias han servido para criticar asuntos de índole política. Inclusive los autores de tragedia como Sófocles, Esquilo y Eurípides lo hicieron. Criticaron a sus gobernantes a través de los diálogos de sus obras de teatro. Shakespeare también lo hizo siglos después, cuando criticó en sus tragedias
650 _vel Otoño del Patriarca
651 _xEL SEÑOR PRESIDENTE
700 _aGabriel Garcia Márquez
942 _2ddc
_cBKA
_n0
999 _c2081
_d2081